Devinez ces 10 mots grâce à leur définition #6 (Histoire) - Statistiques

Statistiques générales
  • Ce quiz a été pris 20 fois
  • Le résultat moyen est 5 sur 10
Statistiques - réponses
Définition Mot % Correct
Homme qui combattait armé dans les jeux du cirque, à Rome (n.m.) G{ladiateur}
88%
Ancien impôt sur les récoltes, prélevé par l'Église (n.f.) D{îme}
75%
Cérémonie au cours de laquelle le jeune noble était armé chevalier, au Moyen-Âge (n.m.) A{doubement}
69%
Conquérant espagnol ou portugais de l'Amérique, au XVIe siècle (n.m.) C{onquistador}
69%
Seigneur qui avait concédé un fief à un vassal (n.) S{uzerain}
50%
Étranger, pour les Grecs et les Romains et, plus tard, pour la chrétienté (adj. et n.) B{arbare}
38%
Annuler, supprimer, ce qui a un effet juridique (v.) A{bolir}
31%
Assemblée du peuple dans les cités grecques (n.f.) E{cclésia}
31%
Tendance au regroupement en deux blocs des diverses forces politiques (n.f.) B{ipolarisation}
19%
Croyances et pratiques se donnant pour objet une union intime de l'homme et du principe de l'être, la divinité (n.m.) M{ysticisme}
6%
Aucun quiz correspondant
Distribution des résultats
% des personnes avec chaque résultat
Percentile par nombre de réponses
Votre historique - résultats
Vous n’avez pas pris ce quiz